[Event "SR 2. liga A 2004/2005"]
[Site "?"]
[Date "2004.11.20"]
[Round "3.1"]
[White "Daubner, Jakub"]
[Black "Gasa, Andrej"]
[Result "1/2-1/2"]
[WhiteElo "2211"]
[BlackElo "2202"]
[PlyCount "46"]
[EventDate "2004.??.??"]

{4096kB. PentiumII} 1. c4 c5 2. Nc3 Nc6 3. g3 g6 4. Bg2 Bg7 5. e4 e6 6. Nge2
Nge7 7. O-O a6 8. d3 d6 9. Bg5 O-O 10. Qc1 Re8 11. a3 Rb8 12. Rb1 b5 13. cxb5
axb5 14. b4 cxb4 15. axb4 Qb6 16. Be3 Nd4 17. Nxd4 Bxd4 18. Bxd4 Qxd4 19. Qd2
e5 20. Ne2 Qb6 21. d4 Bg4 22. d5 Bxe2 23. Qxe2 f5 {(Time 0:23 - 1:15)} 1/2-1/2

[Event "SR 2. liga A 2004/2005"]
[Site "?"]
[Date "2004.11.20"]
[Round "3.1"]
[White "Lesny, Stefan"]
[Black "Bisco, Igor"]
[Result "1-0"]
[WhiteElo "2077"]
[BlackElo "2177"]
[PlyCount "45"]
[EventDate "2004.??.??"]

1. e4 e5 2. Nf3 Nc6 3. Bc4 Nf6 4. Ng5 d5 5. exd5 Na5 6. Bb5+ c6 7. dxc6 bxc6 8.
Qf3 cxb5 9. Qxa8 Bc5 10. Qf3 O-O 11. Qg3 Bb7 12. d3 Nc6 13. c3 Ne7 14. O-O h6
15. Ne4 Nf5 16. Qxe5 Bxe4 17. dxe4 Nd4 18. cxd4 Bxd4 19. Qf5 Re8 20. Nc3 b4 21.
Ne2 Bb6 22. Ng3 Qd4 23. Be3 1-0

[Event "SR 2. liga A 2004/2005"]
[Site "?"]
[Date "2004.11.20"]
[Round "3.1"]
[White "Pivacek, Marek"]
[Black "Harasta, Vladimir"]
[Result "0-1"]
[WhiteElo "1974"]
[BlackElo "2122"]
[PlyCount "135"]
[EventDate "2004.??.??"]

1. Nf3 d5 2. c4 c6 3. b3 Bg4 4. e3 Nd7 5. Be2 e6 6. Bb2 Ngf6 7. O-O Bd6 8. d4
Ne4 9. Ne5 Bxe2 10. Qxe2 Qc7 11. f3 Nef6 12. f4 Ne4 13. Nc3 Nxc3 14. Bxc3 O-O
15. Rf3 f5 16. Rh3 Nf6 17. Rf1 b5 18. c5 Bxe5 19. fxe5 Ne4 20. Be1 g5 21. Rh6
Rae8 22. g4 Qg7 23. Rh3 fxg4 24. Qxg4 Rxf1+ 25. Kxf1 Rf8+ 26. Kg2 Qf7 27. Rf3
Qxf3+ 28. Qxf3 Rxf3 29. Kxf3 Kf7 30. h4 Kg6 31. Kg4 h5+ 32. Kf3 Kf5 33. Kg2 Kg4
34. hxg5 Nxg5 35. Bf2 h4 36. Kh2 h3 37. Kh1 Nf3 38. e4 dxe4 39. d5 Nxe5 40. d6
Nd7 41. b4 Kf3 42. Bh4 e3 43. Kh2 Ke2 44. Kxh3 Kf1 45. Kg4 e2 46. Kg5 e1=Q 47.
Bxe1 Kxe1 48. Kg6 e5 49. Kf5 Kf2 50. Ke6 e4 51. Kxd7 e3 52. Kxc6 e2 53. d7 e1=Q
54. d8=Q Qxb4 55. Qf6+ Ke3 56. Qe5+ Kd2 57. Qd5+ Kc1 58. Qd3 Qa5 59. Qxb5 Qd8
60. Kb7 Qe7+ 61. Ka6 Qe6+ 62. c6 Qxa2+ 63. Kb7 Kd2 64. c7 Qf7 65. Kb8 Qf4 66.
Kb7 Qf7 67. Qc6 a5 68. Ka8 0-1

[Event "SR 2. liga A 2004/2005"]
[Site "?"]
[Date "2004.11.20"]
[Round "3.1"]
[White "Rohacek, Miroslav"]
[Black "Fraas, Martin"]
[Result "1-0"]
[WhiteElo "2239"]
[BlackElo "2194"]
[PlyCount "77"]
[EventDate "2004.??.??"]

1. e4 e5 2. Nf3 d6 3. d4 Nd7 4. Bc4 c6 5. O-O Be7 6. dxe5 dxe5 7. Ng5 Bxg5 8.
Qh5 g6 9. Qxg5 Qxg5 10. Bxg5 Nf8 11. Rd1 Be6 12. Nd2 f6 13. Be3 b6 14. a4 h5
15. Bxe6 Nxe6 16. a5 b5 17. Nb3 Ne7 18. Rd6 Kf7 19. Rad1 a6 20. Bb6 Rhc8 21.
Nc5 Nf8 22. Kf1 h4 23. R1d3 g5 24. Ke2 Nfg6 25. g3 Rh8 26. Rd8 f5 27. Rxh8 Rxh8
28. exf5 Nxf5 29. Rd7+ Nge7 30. Nxa6 Kf6 31. Nc7 Nc8 32. Bc5 hxg3 33. hxg3 Rh1
34. Rd8 Nfe7 35. Rf8+ Kg6 36. a6 Ra1 37. a7 Kg7 38. Bxe7 Rxa7 39. Rxc8 1-0

[Event "SR 2. liga A 2004/2005"]
[Site "?"]
[Date "2004.11.20"]
[Round "3.2"]
[White "Horak, Ivan"]
[Black "Polacik, Igor"]
[Result "1/2-1/2"]
[WhiteElo "2177"]
[BlackElo "2014"]
[PlyCount "87"]
[EventDate "2004.??.??"]

1. e4 c5 2. Nc3 Nc6 3. f4 e6 4. Nf3 d5 5. Bb5 a6 6. Bxc6+ bxc6 7. d3 Nf6 8. O-O
Be7 9. Qe1 O-O 10. b3 a5 11. Na4 Ba6 12. c4 Nd7 13. Ba3 Re8 14. Qf2 Qc7 15. e5
Bc8 16. Kh1 Nb6 17. Nxc5 a4 18. Bb2 Rb8 19. Bd4 Rd8 20. Rfd1 axb3 21. axb3 Nd7
22. Nxd7 Rxd7 23. Ra7 Rb7 24. Rxb7 Qxb7 25. Qc2 c5 26. Bg1 d4 27. Ra1 Qc6 28.
b4 cxb4 29. Nxd4 Qc7 30. Nb5 Qb8 31. d4 Bb7 32. Qa4 Bc6 33. Qa6 Bb7 34. Qa5 Qc8
35. Qa2 Qc6 36. Qe2 Rd8 37. Ra7 Rc8 38. Nd6 Bxd6 39. exd6 Ba6 40. Qb2 Bxc4 41.
d7 Rd8 42. Qxb4 Bd5 43. Qb2 h6 44. h3 1/2-1/2

[Event "SR 2. liga A 2004/2005"]
[Site "?"]
[Date "2004.11.20"]
[Round "3.2"]
[White "Jablonicky, Frantisek"]
[Black "Bury, Rastislav"]
[Result "1-0"]
[WhiteElo "2181"]
[BlackElo "2053"]
[PlyCount "51"]
[EventDate "2004.??.??"]

1. Nf3 Nf6 2. d4 d5 3. c4 e6 4. g3 c6 5. Nbd2 Be7 6. Bg2 O-O 7. O-O b6 8. Qc2
Bb7 9. e4 c5 10. dxc5 Bxc5 11. cxd5 exd5 12. e5 Nfd7 13. Nb3 Re8 14. Nxc5 bxc5
15. Ng5 Nf8 16. Qxc5 Rxe5 17. Nf3 Re8 18. Be3 Ne6 19. Qb4 Qe7 20. Qxe7 Rxe7 21.
Nd4 Nc6 22. Nxc6 Bxc6 23. Rac1 Bb7 24. Rfd1 Rd7 25. Rc2 Rc7 26. Rcd2 1-0

[Event "SR 2. liga A 2004/2005"]
[Site "?"]
[Date "2004.11.20"]
[Round "3.2"]
[White "Mikita, Jozef"]
[Black "Tepper, Frantisek"]
[Result "1/2-1/2"]
[WhiteElo "2209"]
[BlackElo "2244"]
[PlyCount "89"]
[EventDate "2004.??.??"]

1. e4 e5 2. Nf3 Nf6 3. Nxe5 d6 4. Nf3 Nxe4 5. d4 d5 6. Bd3 Nc6 7. O-O Be7 8. c4
Nb4 9. Be2 O-O 10. a3 Nc6 11. cxd5 Qxd5 12. Nc3 Nxc3 13. bxc3 Bf5 14. c4 Qe4
15. Be3 Rfd8 16. Ra2 Bf6 17. d5 Na5 18. Nd4 Bg6 19. Rd2 Qe7 20. Qa4 b6 21. Re1
Bxd4 22. Rxd4 Nb7 23. Bf3 Nd6 24. Rdd1 Qh4 25. Bd4 Re8 26. Rxe8+ Rxe8 27. g3
Qe7 28. c5 Nf5 29. d6 cxd6 30. cxb6 Nxd4 31. Qxd4 axb6 32. Qxb6 d5 33. Qc6 Be4
34. Bxe4 dxe4 35. Re1 f5 36. a4 Qe6 37. Qxe6+ Rxe6 38. f3 Ra6 39. fxe4 Rxa4 40.
exf5 Ra2 41. Rf1 Kf7 42. Rf2 Ra4 43. h3 Kf6 44. Kg2 h5 45. Kh2 1/2-1/2

[Event "SR 2. liga A 2004/2005"]
[Site "?"]
[Date "2004.11.20"]
[Round "3.2"]
[White "Oprea, Erik"]
[Black "Machalova, Maria"]
[Result "0-1"]
[WhiteElo "2115"]
[BlackElo "2137"]
[PlyCount "64"]
[EventDate "2004.??.??"]

1. e4 c5 2. d4 cxd4 3. Nf3 Nc6 4. Nxd4 g6 5. Be3 Bg7 6. Nc3 Nf6 7. Nxc6 bxc6 8.
e5 Nd5 9. Nxd5 cxd5 10. Qxd5 Rb8 11. Bc4 O-O 12. O-O Bb7 13. Qd2 Qc7 14. Bd3
Bxe5 15. f4 Bxb2 16. c4 Bf6 17. Rad1 Bc6 18. f5 a5 19. Bf4 Be5 20. Rde1 d6 21.
c5 a4 22. Bxe5 dxe5 23. Bc2 Kg7 24. Qc3 f6 25. fxg6 hxg6 26. Bb1 Rh8 27. Re3
Rh6 28. Rg3 Qd7 29. Qc2 Qd4+ 30. Kh1 e4 31. Rd1 Qe5 32. Qc3 Qh5 0-1

[Event "SR 2. liga A 2004/2005"]
[Site "?"]
[Date "2004.11.20"]
[Round "3.2"]
[White "Seitler, Andrej"]
[Black "Bezuch, Martin"]
[Result "1/2-1/2"]
[WhiteElo "2191"]
[BlackElo "2190"]
[PlyCount "115"]
[EventDate "2004.??.??"]

{4096kB. PentiumII} 1. e4 d6 2. d4 Nf6 3. Nc3 g6 4. Be3 Bg7 5. h3 O-O 6. f4 c6
7. Nf3 b5 8. Bd3 b4 9. Ne2 Nbd7 10. g4 c5 11. Ng3 cxd4 12. Bxd4 e5 13. fxe5
dxe5 14. Be3 Bb7 15. Qd2 Qe7 16. O-O a5 17. Bg5 Qc5+ 18. Kg2 Ne8 19. a3 Nc7 20.
axb4 axb4 21. Be3 Qe7 22. Rxa8 Bxa8 23. Bc4 Kh8 24. Rd1 Nf6 25. Bg5 Qc5 26.
Bxf6 Qxc4 27. Qd6 Ne6 28. Qxe5 Qxc2+ 29. Rd2 Qc4 30. Ng5 Kg8 31. Nxe6 Bxf6 32.
Qxf6 fxe6 33. Qd4 Qc7 34. Rf2 Rxf2+ 35. Kxf2 b3 36. Ne2 Qh2+ 37. Ke1 Qc7 38.
Qd3 Qa5+ 39. Qc3 Qxc3+ 40. Nxc3 Kf7 41. Kf2 Kf6 42. h4 Ke5 43. Ke3 h6 44. Na4
Bxe4 45. Nc5 Bc2 46. Nd7+ Kd6 47. Nf6 g5 48. hxg5 hxg5 49. Nh5 Ke5 50. Ng3 Bg6
51. Ne2 Bc2 52. Nc3 Kd6 53. Ke2 Kc5 54. Ke3 Kc4 55. Ne2 Bg6 56. Ng1 Bc2 57. Nf3
Bd1 58. Nxg5 {(time 2:20 - 2:41)} 1/2-1/2

[Event "SR 2. liga A 2004/2005"]
[Site "?"]
[Date "2004.11.20"]
[Round "3.2"]
[White "Skreno, Vladimir"]
[Black "Bebiak, Jozef"]
[Result "1-0"]
[WhiteElo "2180"]
[BlackElo "2122"]
[PlyCount "85"]
[EventDate "2004.??.??"]

1. d4 Nf6 2. Nf3 e6 3. c4 c5 4. Nc3 b6 5. e4 cxd4 6. Nxd4 Bb7 7. Bg5 Be7 8. e5
Ne4 9. Nxe4 Bxe4 10. Bxe7 Qxe7 11. Nb5 O-O 12. Nc7 Nc6 13. Nxa8 Rxa8 14. a3 Qg5
15. Qe2 Bg6 16. Qe3 Qxe3+ 17. fxe3 Nxe5 18. Be2 d5 19. cxd5 exd5 20. O-O Nc4
21. Bxc4 dxc4 22. Rf4 Bd3 23. Rd4 Re8 24. Kf2 g6 25. a4 a6 26. Rd6 Re6 27. Rxe6
fxe6 28. Ke1 Kf7 29. Kd2 e5 30. Kc3 Ke6 31. b3 Kd5 32. bxc4+ Bxc4 33. Rd1+ Kc5
34. Rd7 Bd5 35. Rc7+ Bc6 36. Rxh7 Bxg2 37. Ra7 a5 38. Rg7 Be4 39. h4 Bb1 40.
Rf7 Be4 41. Rf6 Bb1 42. Re6 Kd5 43. Rxb6 1-0

[Event "SR 2. liga A 2004/2005"]
[Site "?"]
[Date "2004.11.20"]
[Round "3.3"]
[White "Kantor, Tamas"]
[Black "Cvicela, Anton"]
[Result "0-1"]
[WhiteElo "2106"]
[BlackElo "2185"]
[PlyCount "68"]
[EventDate "2004.??.??"]

1. e4 c5 2. Nf3 Nc6 3. d4 cxd4 4. Nxd4 g6 5. Nc3 Bg7 6. Be3 Nf6 7. Qd2 O-O 8.
f3 d5 9. exd5 Nxd5 10. Nxd5 Nxd4 11. Bxd4 Qxd5 12. Bxg7 Qxd2+ 13. Kxd2 Kxg7 14.
Bc4 Rd8+ 15. Ke3 Bf5 16. Rac1 Rac8 17. Bb3 Rc6 18. c3 Be6 19. Rhd1 Rxd1 20.
Rxd1 Bxb3 21. axb3 Re6+ 22. Kf2 Rb6 23. b4 Kf6 24. Rd2 Ke6 25. Ke3 Rd6 26. Rd4
Rxd4 27. Kxd4 Kd6 28. b5 e5+ 29. Ke4 f5+ 30. Kd3 Kc5 31. c4 Kb4 32. h3 b6 33.
f4 e4+ 34. Kd4 Kb3 0-1

[Event "SR 2. liga A 2004/2005"]
[Site "?"]
[Date "2004.11.20"]
[Round "3.3"]
[White "Kralovic, Andrej"]
[Black "Hecko, Dusan"]
[Result "1-0"]
[WhiteElo "2062"]
[BlackElo "2137"]
[PlyCount "61"]
[EventDate "2004.??.??"]

1. e4 c6 2. Nf3 d5 3. Nc3 Bg4 4. h3 Bxf3 5. Qxf3 e6 6. d3 Nf6 7. Bd2 Nbd7 8. g4
Qc7 9. g5 Ng8 10. O-O-O d4 11. Ne2 c5 12. Qg3 Qxg3 13. Nxg3 g6 14. f4 Bd6 15.
Bg2 O-O-O 16. h4 Ne7 17. h5 b6 18. Rh3 Rdf8 19. Rdh1 Rhg8 20. hxg6 hxg6 21. e5
Bc7 22. Rh7 Nf5 23. Nxf5 gxf5 24. R1h6 Kd8 25. Bc6 Nb8 26. Bf3 Nd7 27. Bh5 f6
28. exf6 Nxf6 29. Rxf6 Rxf6 30. gxf6 Rg1+ 31. Bd1 1-0

[Event "SR 2. liga A 2004/2005"]
[Site "?"]
[Date "2004.11.20"]
[Round "3.3"]
[White "Lauf, Pavol"]
[Black "Minich, Peter"]
[Result "0-1"]
[WhiteElo "2120"]
[BlackElo "2210"]
[PlyCount "63"]
[EventDate "2004.??.??"]

1. c4 e6 2. d4 f5 3. Nc3 Nf6 4. e3 b6 5. f4 Bb7 6. Nf3 Be7 7. Be2 O-O 8. O-O
Qe8 9. Ne5 d6 10. Bf3 c6 11. Nd3 Nbd7 12. b4 d5 13. c5 Ba6 14. a4 Bxd3 15. Qxd3
a5 16. Na2 Qc8 17. cxb6 axb4 18. Qb3 c5 19. dxc5 Nxc5 20. Qxb4 Rxa4 21. Qb5 Qa6
22. Qxa6 Rxa6 23. Be2 Rxb6 24. Nc3 Nb3 25. Rb1 Bc5 26. Rf3 Ra8 27. Nb5 Nxc1 28.
Rxc1 Ne4 29. Nd4 Ra3 30. Nc2 Rc3 31. Bd1 Rb2 32. h3 0-1

[Event "SR 2. liga A 2004/2005"]
[Site "?"]
[Date "2004.11.20"]
[Round "3.3"]
[White "Machalova, Veronika"]
[Black "Eged, Igor"]
[Result "1-0"]
[WhiteElo "2168"]
[BlackElo "2107"]
[PlyCount "111"]
[EventDate "2004.??.??"]

1. e4 e5 2. Nf3 d6 3. d4 exd4 4. Nxd4 Nf6 5. Nc3 Be7 6. Be2 O-O 7. O-O Re8 8.
f4 Bf8 9. Bf3 Nbd7 10. Nb3 g6 11. Qd3 Bg7 12. Be3 Nf8 13. h3 Qe7 14. Rfe1 Rd8
15. Rad1 Be6 16. Bf2 Bxb3 17. axb3 c6 18. Ra1 Ne6 19. g3 a6 20. Bb6 Re8 21.
Rad1 Bf8 22. Kh1 Nd7 23. Be3 Rad8 24. Qd2 Nf6 25. Qf2 Bg7 26. Bg2 Nc7 27. Bb6
Rd7 28. g4 h6 29. Qg3 Nh7 30. Qd3 Na8 31. Be3 Red8 32. Qe2 Bf6 33. Qf3 Re8 34.
Bf2 Bh4 35. Bxh4 Qxh4 36. Re2 Qd8 37. Red2 Nc7 38. Qg3 Kg7 39. Na4 Ne6 40. Nc3
Qe7 41. f5 Nc7 42. Rxd6 Rxd6 43. Rxd6 Nf6 44. Rd1 Na8 45. Re1 Nd7 46. Rf1 Kh7
47. Qf2 Ne5 48. Na4 Nc7 49. c4 Qb4 50. Nc5 Re7 51. Qd4 b6 52. Nd3 Qd2 53. Qd6
Rd7 54. Qxe5 Qxd3 55. fxg6+ fxg6 56. Qf6 1-0

[Event "SR 2. liga A 2004/2005"]
[Site "?"]
[Date "2004.11.20"]
[Round "3.3"]
[White "Marko, Vladimir"]
[Black "Provaznik, Michal"]
[Result "1/2-1/2"]
[WhiteElo "2037"]
[BlackElo "2192"]
[PlyCount "95"]
[EventDate "2004.??.??"]

1. f4 Nf6 2. Nf3 g6 3. Nc3 d5 4. d3 d4 5. Ne4 Bg7 6. g3 Bf5 7. Nxf6+ Bxf6 8.
Bg2 Nc6 9. O-O Qd7 10. e4 dxe3 11. Bxe3 Rd8 12. Qe2 O-O 13. Rad1 e5 14. fxe5
Nxe5 15. Nxe5 Bxe5 16. d4 Bg7 17. c3 Rfe8 18. Qd2 Re7 19. Rde1 Rde8 20. Bg5 f6
21. Bf4 g5 22. Rxe7 Rxe7 23. Be3 c6 24. d5 Be4 25. dxc6 Qxd2 26. Bxd2 Bxg2 27.
Kxg2 bxc6 28. Rf2 h6 29. Kf3 Kf7 30. g4 Kg6 31. h4 f5 32. hxg5 hxg5 33. gxf5+
Kxf5 34. b4 Be5 35. Kg2+ Bf4 36. a4 Rd7 37. Bxf4 gxf4 38. b5 cxb5 39. axb5 Rg7+
40. Kf1 Ke4 41. Rb2 Rc7 42. b6 axb6 43. Rxb6 Rxc3 44. Rb2 Rf3+ 45. Ke2 Rh3 46.
Kf1 Rh1+ 47. Kg2 Rd1 48. Re2+ 1/2-1/2

[Event "SR 2. liga A 2004/2005"]
[Site "?"]
[Date "2004.11.20"]
[Round "3.3"]
[White "Petreje, Juraj"]
[Black "Rovnak, Peter"]
[Result "0-1"]
[WhiteElo "2192"]
[BlackElo "2135"]
[PlyCount "48"]
[EventDate "2004.??.??"]

1. g3 Nf6 2. Bg2 g6 3. c4 Bg7 4. Nc3 O-O 5. Nf3 d5 6. cxd5 Nxd5 7. O-O c5 8.
Nxd5 Qxd5 9. d3 Nc6 10. Ng5 Qd7 11. Bh3 Qc7 12. Bg2 b6 13. Bf4 e5 14. Bd2 Bb7
15. Rc1 Nd4 16. b4 Bxg2 17. Kxg2 h6 18. Nh3 Qc6+ 19. f3 Qd5 20. bxc5 Qxa2 21.
Nf2 bxc5 22. Rxc5 Rfc8 23. Ra5 Qc2 24. e3 Nb3 0-1

[Event "SR 2. liga A 2004/2005"]
[Site "?"]
[Date "2004.11.20"]
[Round "3.4"]
[White "Cambel, Vladimir"]
[Black "Antol, Ladislav"]
[Result "1-0"]
[WhiteElo "2039"]
[BlackElo "2079"]
[PlyCount "71"]
[EventDate "2004.??.??"]

1. Nf3 c5 2. c4 Nf6 3. d4 cxd4 4. Nxd4 g6 5. g3 Bg7 6. Bg2 O-O 7. Nc3 Nc6 8.
O-O Qb6 9. e3 Qb4 10. Qe2 Na5 11. Nd5 Nxd5 12. cxd5 Qc4 13. Qd2 Qa6 14. b3 e5
15. Ne2 Nxb3 16. axb3 Qxa1 17. d6 Qa6 18. Bb2 Qb6 19. Bd5 Kh8 20. Bc4 a5 21.
Nc3 Qb4 22. Ra1 Qb6 23. Nb5 a4 24. bxa4 Qc5 25. Bb3 e4 26. Rc1 Qf5 27. Bxg7+
Kxg7 28. Qd4+ f6 29. Rc5 Qg4 30. Bd1 Qh3 31. Nc7 b6 32. Qxe4 Rb8 33. Qe7+ Rf7
34. Ne8+ Kh6 35. Qxf7 bxc5 36. Qg7+ 1-0

[Event "SR 2. liga A 2004/2005"]
[Site "?"]
[Date "2004.11.20"]
[Round "3.4"]
[White "Kovarik, Oto"]
[Black "Hricak, Vasil"]
[Result "1/2-1/2"]
[WhiteElo "2100"]
[BlackElo "2014"]
[PlyCount "113"]
[EventDate "2004.??.??"]

1. e4 e6 2. d4 d5 3. Nd2 dxe4 4. Nxe4 Nd7 5. Bd3 Ngf6 6. Nf3 Be7 7. O-O O-O 8.
Qe2 b6 9. Nxf6+ Nxf6 10. c3 Bb7 11. Bf4 Bd6 12. Bg5 h6 13. Bh4 Be7 14. Rad1 Qd5
15. Bb1 Qh5 16. Bxf6 Bxf6 17. Qd3 g6 18. Nd2 Rad8 19. Ne4 Bg7 20. Qc4 Rc8 21.
Qa4 a6 22. Ng3 Qg4 23. h3 Qf4 24. Rfe1 Rfd8 25. Be4 c6 26. Qb3 Qc7 27. Re2 c5
28. dxc5 Rxd1+ 29. Qxd1 Qxc5 30. Rd2 Bxe4 31. Nxe4 Qc6 32. Qf3 f5 33. Rd8+ Kh7
34. Rxc8 Qxc8 35. Nd6 Qd7 36. Nc4 Qd5 37. Qe2 e5 38. a3 e4 39. a4 f4 40. Nd2
Qd3 41. Qxd3 exd3 42. Kf1 g5 43. Nb3 Bf8 44. Ke1 Kg6 45. c4 h5 46. Nc1 Kf5 47.
Nxd3 Ke4 48. Kd2 f3 49. g3 Bd6 50. Nc1 Kd4 51. b3 h4 52. gxh4 Bf4+ 53. Kc2 gxh4
54. Nd3 Bd6 55. Kd2 Bc7 56. Kc2 Bd6 57. Kd2 1/2-1/2

[Event "SR 2. liga A 2004/2005"]
[Site "?"]
[Date "2004.11.20"]
[Round "3.4"]
[White "Krajcovic, Branislav"]
[Black "Petenyi, Tamas"]
[Result "1-0"]
[WhiteElo "2126"]
[BlackElo "2037"]
[PlyCount "81"]
[EventDate "2004.??.??"]

1. e4 c5 2. Nc3 Nc6 3. f4 g6 4. Nf3 Bg7 5. Bb5 Nd4 6. O-O Nxb5 7. Nxb5 a6 8.
Nc3 d6 9. d3 e6 10. Qe1 Ne7 11. Be3 b6 12. Rd1 d5 13. d4 c4 14. e5 Nf5 15. g4
Nxe3 16. Qxe3 h5 17. h3 hxg4 18. hxg4 Bd7 19. Kg2 Qc7 20. Ng5 Bh6 21. Rh1 Bc6
22. Rh2 Qe7 23. Rdh1 Qf8 24. Nh7 Rxh7 25. g5 O-O-O 26. Rxh6 Rg7 27. Nd1 a5 28.
Nf2 Qb4 29. Nd1 Qa4 30. Qd2 Qxa2 31. Nc3 Qxb2 32. Rb1 Qa3 33. Rxb6 Kc7 34. Nb5+
Bxb5 35. Rxb5 Ra8 36. Rh1 Rgg8 37. Rh7 Rgf8 38. Qe1 Kc6 39. Qb1 Ra7 40. Rc5+
Kd7 41. Qb6 1-0

[Event "SR 2. liga A 2004/2005"]
[Site "?"]
[Date "2004.11.20"]
[Round "3.4"]
[White "Krajnak, Robert"]
[Black "Bronis, Marian"]
[Result "1/2-1/2"]
[WhiteElo "2117"]
[BlackElo "2161"]
[PlyCount "65"]
[EventDate "2004.??.??"]

1. c4 f5 2. Nc3 Nf6 3. g3 g6 4. Bg2 Bg7 5. d3 O-O 6. e4 d6 7. Nge2 Nc6 8. O-O
e5 9. Nd5 Ne7 10. Rb1 c6 11. Nxf6+ Bxf6 12. b4 Be6 13. b5 fxe4 14. bxc6 bxc6
15. Bxe4 Bg4 16. Ba3 Qd7 17. Qd2 Rab8 18. Nc3 Nf5 19. Rxb8 Rxb8 20. Rb1 Rxb1+
21. Nxb1 Nd4 22. Qb4 Be7 23. Nd2 Kg7 24. Qb8 Ne6 25. Bg2 Ng5 26. c5 Nh3+ 27.
Kf1 Qf5 28. Ne4 d5 29. Qc7 dxe4 30. Qxe7+ Kh6 31. Qh4+ Kg7 32. Qe7+ Kh6 33.
Qh4+ 1/2-1/2

[Event "SR 2. liga A 2004/2005"]
[Site "?"]
[Date "2004.11.20"]
[Round "3.4"]
[White "Kruppa, Dominik"]
[Black "Vychodil, Michal"]
[Result "1-0"]
[WhiteElo "2101"]
[BlackElo "2054"]
[PlyCount "65"]
[EventDate "2004.??.??"]

1. e4 d5 2. exd5 Qxd5 3. Nc3 Qa5 4. d4 c6 5. Bc4 Bf5 6. Nf3 Nf6 7. Bd2 e6 8.
Qe2 Bb4 9. O-O-O Nbd7 10. a3 Bxc3 11. Bxc3 Qc7 12. Ne5 Nxe5 13. dxe5 Nd5 14.
Bd2 O-O-O 15. g4 Bg6 16. f4 h5 17. h3 hxg4 18. hxg4 Qe7 19. Qf2 Nb6 20. Bb3 Be4
21. Rxh8 Rxh8 22. Ba5 Kc7 23. c4 c5 24. Bc2 Bxc2 25. Kxc2 Kc8 26. Bxb6 axb6 27.
Rd6 Kc7 28. b4 Qh4 29. Qd2 Qg3 30. Rd3 Qg1 31. Rd7+ Kc8 32. Kb3 Rh2 33. Rd8+ {
(time 1:51 - 1:45)} 1-0

[Event "SR 2. liga A 2004/2005"]
[Site "?"]
[Date "2004.11.20"]
[Round "3.4"]
[White "Szitkey, Milan"]
[Black "Bednar, Jan"]
[Result "0-1"]
[WhiteElo "2217"]
[BlackElo "2103"]
[PlyCount "54"]
[EventDate "2004.??.??"]

1. e4 e5 2. Nf3 Nc6 3. Bb5 a6 4. Ba4 Nf6 5. d3 d6 6. c3 Be7 7. Nbd2 O-O 8. Nf1
b5 9. Bc2 d5 10. Qe2 d4 11. Ng3 Re8 12. O-O Bf8 13. Nf5 Bxf5 14. exf5 Qd7 15.
Nh4 Rad8 16. Qf3 e4 17. dxe4 d3 18. Rd1 Rxe4 19. Bf4 Nd4 20. cxd4 dxc2 21. Rdc1
Rxd4 22. g3 Rd1+ 23. Kg2 Qd5 24. Qxd5 Nxd5 25. Kf3 Nxf4 26. Kxf4 g6 27. Kg4 Bg7
0-1

[Event "SR 2. liga A 2004/2005"]
[Site "?"]
[Date "2004.11.20"]
[Round "3.5"]
[White "Farkas, Gabor"]
[Black "Lahucky, Pavol"]
[Result "1-0"]
[WhiteElo "2072"]
[BlackElo "2089"]
[PlyCount "45"]
[EventDate "2004.??.??"]

1. e4 e5 2. f4 d5 3. exd5 exf4 4. Nf3 Bg4 5. Bb5+ c6 6. dxc6 bxc6 7. Bc4 Qf6 8.
Qe2+ Be7 9. Nc3 h5 10. d3 Nd7 11. Ne4 Qh6 12. Bd2 Ne5 13. O-O-O Bxf3 14. gxf3
Nxc4 15. dxc4 O-O-O 16. c5 Kb7 17. Ba5 Rxd1+ 18. Rxd1 Qe6 19. Nd6+ Kb8 20. Qa6
Bxd6 21. cxd6 Qe3+ 22. Kb1 Qxf3 23. Bc7+ 1-0

[Event "SR 2. liga A 2004/2005"]
[Site "?"]
[Date "2004.11.20"]
[Round "3.5"]
[White "Kebis, Milos"]
[Black "Hartl, Jan"]
[Result "1-0"]
[WhiteElo "2097"]
[BlackElo "2158"]
[PlyCount "53"]
[EventDate "2004.??.??"]

1. c4 Nf6 2. Nc3 c5 3. Nf3 e6 4. d4 d5 5. cxd5 exd5 6. Bg5 Be6 7. dxc5 Bxc5 8.
e3 O-O 9. Be2 h6 10. Bh4 g5 11. Bg3 Ne4 12. O-O Nxg3 13. hxg3 a6 14. Qc2 Qe7
15. Rfd1 Rd8 16. a3 Nc6 17. Rac1 Ba7 18. Rd2 d4 19. exd4 Nxd4 20. Nxd4 Bxd4 21.
Rcd1 Ba7 22. Qe4 Rxd2 23. Rxd2 Re8 24. Bf3 g4 25. Bxg4 Qg5 26. Bxe6 Qxd2 27.
Qg6+ 1-0

[Event "SR 2. liga A 2004/2005"]
[Site "?"]
[Date "2004.11.20"]
[Round "3.5"]
[White "Sarmir, Milos"]
[Black "Breja, Stanislav"]
[Result "0-1"]
[WhiteElo "2153"]
[BlackElo "2131"]
[PlyCount "104"]
[EventDate "2004.??.??"]

1. e4 e5 2. Nf3 Nf6 3. Nxe5 d6 4. Nf3 Nxe4 5. d4 d5 6. Bd3 Bd6 7. O-O O-O 8.
Nc3 Nxc3 9. bxc3 Nd7 10. Re1 Nf6 11. Ne5 c5 12. dxc5 Bxc5 13. Be3 Bxe3 14. Rxe3
Be6 15. Qd2 Ne4 16. Qe2 f5 17. Bxe4 dxe4 18. f4 Qb6 19. a4 Rac8 20. Qe1 Rc7 21.
Rb1 Qa5 22. Qd2 Rfc8 23. Qd6 Ba2 24. Rb4 Qd5 25. Rd4 Qxd6 26. Rxd6 h6 27. Ng6
Kh7 28. Nh4 Rxc3 29. Nxf5 Rxc2 30. Rxe4 Bb1 31. Ne7 Rc1+ 32. Kf2 Bxe4 33. Nxc8
Rxc8 34. g4 Bc6 35. a5 a6 36. h4 Re8 37. g5 hxg5 38. hxg5 Re4 39. Kf3 g6 40.
Rf6 Kg7 41. f5 Re3+ 42. Kg4 gxf5+ 43. Kxf5 Rf3+ 44. Ke5 Rxf6 45. gxf6+ Kf7 46.
Kf5 Bb5 47. Ke5 Bd3 48. Kd4 Bb1 49. Ke5 Bc2 50. Kd6 Kxf6 51. Kc5 Ke6 52. Kb6
Be4 0-1

[Event "SR 2. liga A 2004/2005"]
[Site "?"]
[Date "2004.11.20"]
[Round "3.5"]
[White "Stefan, Oldrich"]
[Black "Doucha, Ludvik"]
[Result "1-0"]
[WhiteElo "2085"]
[BlackElo "2134"]
[PlyCount "75"]
[EventDate "2004.??.??"]

1. d4 Nf6 2. Nf3 g6 3. g3 Bg7 4. Bg2 O-O 5. c4 d6 6. Nc3 c6 7. O-O Nbd7 8. e4
e5 9. h3 Re8 10. Be3 Qc7 11. Qc2 a6 12. a4 b6 13. b4 Bb7 14. Rfd1 exd4 15. Nxd4
d5 16. Bf4 Qc8 17. cxd5 cxd5 18. exd5 Qc4 19. Nc6 Ne4 20. Bxe4 Qxc3 21. Qxc3
Bxc3 22. Rac1 Bf6 23. Bf3 Kg7 24. Bg4 Bc8 25. Re1 Rxe1+ 26. Rxe1 h5 27. Bf3 Bb7
28. Kg2 a5 29. bxa5 bxa5 30. Rb1 Ba6 31. Nb8 Nxb8 32. Bxb8 Bd3 33. d6 Ra6 34.
Rb7 Bf5 35. Bd5 Kh6 36. Rxf7 Be5 37. d7 Bxd7 38. Bxe5 1-0

[Event "SR 2. liga A 2004/2005"]
[Site "?"]
[Date "2004.11.20"]
[Round "3.5"]
[White "Szollos, Ondrej"]
[Black "Hanzluvka, Peter"]
[Result "1-0"]
[WhiteElo "2101"]
[BlackElo "2081"]
[PlyCount "63"]
[EventDate "2004.??.??"]

1. Nf3 c5 2. d3 Nc6 3. c3 Nf6 4. Qc2 e6 5. e4 d6 6. Be2 Be7 7. O-O O-O 8. Nbd2
Qc7 9. Re1 b6 10. Nf1 Bb7 11. Ng3 d5 12. Bf1 dxe4 13. dxe4 Rfd8 14. e5 Nd7 15.
Bf4 Nf8 16. Ne4 Ng6 17. Bg3 Na5 18. h4 Bxe4 19. Qxe4 Qc6 20. Qg4 Rd5 21. h5 Nf8
22. Bf4 g6 23. Bg5 Qe8 24. Bh6 Nc6 25. Bc4 Rd7 26. Ng5 Bxg5 27. Bxg5 Rb7 28.
hxg6 hxg6 29. Re3 b5 30. Bf6 Nh7 31. Qh4 g5 32. Qxh7+ {(time 1:05 - 1:59)} 1-0

[Event "SR 2. liga A 2004/2005"]
[Site "?"]
[Date "2004.11.20"]
[Round "3.5"]
[White "Vrba, Michal"]
[Black "Kubis, Ivan"]
[Result "1/2-1/2"]
[WhiteElo "1879"]
[BlackElo "2064"]
[PlyCount "117"]
[EventDate "2004.??.??"]

1. e4 e5 2. Nf3 Nc6 3. Bc4 Nf6 4. Ng5 d5 5. exd5 Na5 6. Be2 h6 7. Nf3 e4 8. Nd4
Qxd5 9. Nb5 Qe5 10. d4 exd3 11. Qxd3 a6 12. N5c3 Bf5 13. Qf3 Bd6 14. g3 Bxc2
15. O-O O-O 16. Bf4 Qf5 17. Bxd6 cxd6 18. Na3 Nc6 19. Qxf5 Bxf5 20. Rfd1 Rad8
21. Bf3 Rfe8 22. Nc4 d5 23. Nxd5 Nxd5 24. Rxd5 Be6 25. Rxd8 Rxd8 26. Bxc6 bxc6
27. Ne5 Rd6 28. Rc1 Bxa2 29. Nxc6 Rd2 30. Nb4 Rxb2 31. Nxa6 Bd5 32. Nc5 Rd2 33.
Na4 g5 34. Nc3 Bf3 35. Nb1 Ra2 36. Nc3 Rd2 37. Nb1 Rb2 38. Nc3 Kg7 39. Nd1 Ra2
40. Ne3 Kg6 41. Nc4 f6 42. Ne3 h5 43. Ng2 Kf5 44. h4 Kg4 45. hxg5 fxg5 46. Ne1
Bd5 47. Nc2 Be4 48. Nd4 Rd2 49. Ne6 h4 50. Nc5 Bd5 51. Nd7 Kf5 52. gxh4 gxh4
53. Nb6 Bf3 54. Nc4 Rd8 55. Ne3+ Kf4 56. Rc4+ Kg5 57. Rc5+ Kg6 58. Rc4 Kg5 59.
Rc5+ 1/2-1/2